[Event "Muensterland Verbandsklasse-B 0607"]
[Site "Germany"]
[Date "2007.02.10"]
[Round "6.8"]
[White "Mann, Sebastian"]
[Black "Radisic, Sascha"]
[Result "1-0"]
[WhiteElo "1401"]
[BlackElo "1646"]
[PlyCount "65"]
[EventDate "2006.09.23"]
[EventType "team"]
[EventRounds "9"]
[EventCountry "GER"]
[SourceTitle "EXT 2008"]
[Source "ChessBase"]
[SourceDate "2007.11.25"]
[SourceVersion "1"]
[SourceVersionDate "2007.11.25"]
[SourceQuality "1"]
[WhiteTeam "Suedlohn II"]
[BlackTeam "Steinfurt"]
[WhiteTeamCountry "GER"]
[BlackTeamCountry "GER"]

1. e4 e5 2. Nf3 Nc6 3. Bc4 Bc5 4. d3 Nf6 5. Be3 Bb6 6. 0-0 0-0 7. Nbd2 d6 8. h3 Bxe3 9. fxe3 Na5 10. Bb3 Nxb3 11. axb3 Qe7 12. Qe2 Nh5 13. Qf2 Be6 14. Qh4 Qxh4 15. Nxh4 a5 16. Nf5 Rfe8 17. Rf3 d5 18. g4 Nf6 19. exd5 Bxd5 20. e4 Be6 21. Kh2 g6 22. Ne3 Kg7 23. Ndc4 Bxc4 24. Nxc4 b6 25. Raf1 b5 26. Ne3 Re6 27. g5 Nh5 28. Rxf7+ Kg8 29. Rxc7 Nf4 30. Ng4 a4 31. Nf6+ Kf8 32. Nxh7+ Ke8 33. Nf6+ 1-0